<?xml version="1.0" encoding="UTF-8"?>
<collection xmlns="http://www.loc.gov/MARC21/slim">
 <record>
  <leader>00436nam a22001455a 4500</leader>
  <controlfield tag="001">EUN.um045708</controlfield>
  <controlfield tag="003">AR-BaUNS</controlfield>
  <controlfield tag="005">20050623122914.0</controlfield>
  <controlfield tag="008">041125s1959####xx############000#0#eng#d</controlfield>
  <datafield tag="245" ind1="1" ind2="4">
   <subfield code="a">The logic of the oder neisse frontier /</subfield>
   <subfield code="c">Jozef Kokot.</subfield>
  </datafield>
  <datafield tag="260" ind1=" " ind2=" ">
   <subfield code="a">Poznán, Warzawa :</subfield>
   <subfield code="b">Wydawnictwo Zachodnie,</subfield>
   <subfield code="c">1959.</subfield>
  </datafield>
  <datafield tag="300" ind1=" " ind2=" ">
   <subfield code="a">280 p.</subfield>
  </datafield>
  <datafield tag="100" ind1="1" ind2=" ">
   <subfield code="a">Kokot, Jozef.</subfield>
  </datafield>
  <datafield tag="082" ind1="0" ind2="4">
   <subfield code="a">943.8</subfield>
  </datafield>
  <datafield tag="859" ind1=" " ind2=" ">
   <subfield code="a">Ar-BaUNS</subfield>
   <subfield code="b">BIB. CENTRAL - Sector C</subfield>
   <subfield code="h">943.8</subfield>
   <subfield code="i">K829</subfield>
   <subfield code="p">36/962</subfield>
  </datafield>
 </record>
</collection>
